00655nam a22001937a 4500010001300000020001000013035001300023037001800036040001200054082001300066100001900079245007200098260010200170270005300272300002600325505003600351650004600387650002800433 aA-273747 c80.00 aA-273747 bCen Lib / Ret aDPLbEN a040bGAN aGandhi, Indira aSelected speeches and writings of Indira Gandhi /cby Indira Gandhi aNew DelhibPublications Division, Ministry of Information and Broadcasting, Govt. of India,c1907 aSuper Bazar Connaught Circus bNew Delhie110001 a(v 4. 614p)b27cm(Hb) av 3. September 1972-March 1977. aIndia -- Politics and government -- 1947- aPolitics and government